Building services handbook (Record no. 104193)

MARC details
000 -LEADER
fixed length control field 01131cam a2200217 4500
001 - CONTROL NUMBER
control field L129440
008 - FIXED-LENGTH DATA ELEMENTS--GENERAL INFORMATION
fixed length control field 050419n2005 000 0 eng u
020 ## - INTERNATIONAL STANDARD BOOK NUMBER
International Standard Book Number 0750664606
035 ## - SYSTEM CONTROL NUMBER
System control number (Sirsi) u129440
100 ## - MAIN ENTRY--PERSONAL NAME
Personal name Greeno, Roger
245 ## - TITLE STATEMENT
Title Building services handbook
260 ## - PUBLICATION, DISTRIBUTION, ETC.
Place of publication, distribution, etc. Oxford
Name of publisher, distributor, etc. Elsevier Butterworth-Heinemann
Date of publication, distribution, etc. 2005
300 ## - PHYSICAL DESCRIPTION
Extent 527p.
Dimensions 24cm.
350 ## - PRICE (NR) (BK AM CF MU VM SE) [OBSOLETE]
Price 19.99
520 ## - SUMMARY, ETC.
Summary, etc. An ideal tool for students on general construction or building services courses, this text summarises the key elements of building services practice, techniques and procedures through the use of diagrams and brief explanations. Includes comprehensive coverage of the latest Building, Water Supply, IEE Wiring Regulations and other standards of importance to building service professionals. Emphasises the new energy conservation measures necessary to control atmospheric contamination. Includes worked examples and design calculations. New edition also offers online lecture resources.
520 ## - SUMMARY, ETC.
Summary, etc. Replaces previous edition (ISBN 0750658479)
590 ## - LOCAL NOTE (RLIN)
Local note IKA190505
690 ## - LOCAL SUBJECT ADDED ENTRY--TOPICAL TERM (OCLC, RLIN)
Topical term or geographic name as entry element BUILT ENVIRONMENT
942 ## - ADDED ENTRY ELEMENTS (KOHA)
Suppress in OPAC 0
Holdings
Withdrawn status Lost status Damaged status Not for loan Home library Current library Shelving location Date acquired Cost, normal purchase price Total Checkouts Full call number Barcode Date last seen Date last checked out Copy number Cost, replacement price Price effective from Koha item type Source of classification or shelving scheme
  Missing     London London Missing 05/05/2005 16.99 11 BASEMENT 61 30069909 06/08/2019 17/06/2008 1 16.99 06/08/2019 Book  
        London London Basement 05/05/2005 16.99 19 BASEMENT 61 30069905 06/08/2019 12/11/2009 2 16.99 06/08/2019 Book Dewey Decimal Classification